000 00325nam a2200121 a 4500
001 33016
005 20180714000810.0
008 140415s2010 000 0 spa d
041 _aspa
245 0 0 _aCOMO ENSEÑAR A HACER COSAS CON LAS PALABRAS
250 _a2A EDICIÓN
260 _a[s.l.] :
_bPAIDOS,
_c2010
999 _c33016
_d33016